[Event "CZE-chT 0405"]
[Site "Czech Republic"]
[Date "2005.01.15"]
[Round "5.1"]
[White "Grujic, Matej"]
[Black "Hracek, Zbynek"]
[Result "0-1"]
[WhiteElo "2443"]
[BlackElo "2579"]
[PlyCount "146"]
[EventDate "2004.11.??"]
[EventType "team"]
[EventRounds "11"]
[EventCountry "CZE"]
[SourceTitle "EXT 2006"]
[Source "ChessBase"]
[SourceDate "2005.11.24"]
[SourceVersion "1"]
[SourceVersionDate "2005.11.24"]
[SourceQuality "1"]
[WhiteTeam "Trinec"]
[BlackTeam "Opava"]
[WhiteTeamCountry "CZE"]
[BlackTeamCountry "CZE"]

1. e4 c5 2. Nf3 d6 3. d4 cxd4 4. Nxd4 Nf6 5. Nc3 a6 6. Be2 e6 7. f4 Be7 8. Be3 Nc6 9. Qd2 0-0 10. 0-0-0 Nd7 11. g4 Nxd4 12. Qxd4 b5 13. Bf3 Bb7 14. Rhf1 Rc8 15. e5 Bxf3 16. Rxf3 d5 17. Qd3 Rc4 18. Rh3 g6 19. Bd4 Nc5 20. Qe2 b4 21. Bxc5 bxc3 22. Qxc4 dxc4 23. Rxd8 Rxd8 24. Bd6 Bxd6 25. exd6 cxb2+ 26. Kxb2 Rxd6 27. Kc3 Rd1 28. Rf3 Kf8 29. h3 Ra1 30. Kb2 Rh1 31. Kc3 Rh2 32. a4 Ke7 33. Kxc4 Rxc2+ 34. Kb4 Kd6 35. Rd3+ Kc6 36. g5 Rc5 37. Rd4 a5+ 38. Kb3 e5 39. fxe5 Rxe5 40. h4 Re3+ 41. Kc2 Rh3 42. Kd2 Kc5 43. Rf4 Kd5 44. Ke2 Ke5 45. Rc4 f5 46. gxf6 Kxf6 47. Kf2 Kg7 48. Kg2 Ra3 49. h5 g5 50. Rc6 Rxa4 51. h6+ Kf7 52. Kg3 Rf4 53. Ra6 a4 54. Kh3 Rf6 55. Rxa4 Rxh6+ 56. Kg3 Rf6 57. Ra8 h5 58. Ra3 Kg6 59. Ra5 h4+ 60. Kh3 Rf3+ 61. Kg2 g4 62. Ra8 h3+ 63. Kh2 Rf2+ 64. Kg1 Rg2+ 65. Kh1 Re2 66. Ra5 g3 67. Ra1 Kf5 68. Kg1 Kf4 69. Ra4+ Kf3 70. Ra1 g2 71. Rb1 Re3 72. Kh2 Kf2 73. Rb2+ Re2 0-1

[Event "CZE-chT 0405"]
[Site "Czech Republic"]
[Date "2004.12.05"]
[Round "4.1"]
[White "Grujic, Matej"]
[Black "Smirin, Ilia"]
[Result "0-1"]
[WhiteElo "2443"]
[BlackElo "2671"]
[PlyCount "106"]
[EventDate "2004.11.??"]
[EventType "team"]
[EventRounds "11"]
[EventCountry "CZE"]
[SourceTitle "EXT 2006"]
[Source "ChessBase"]
[SourceDate "2005.11.24"]
[SourceVersion "1"]
[SourceVersionDate "2005.11.24"]
[SourceQuality "1"]
[WhiteTeam "Trinec"]
[BlackTeam "Praha Mahrla"]
[WhiteTeamCountry "CZE"]
[BlackTeamCountry "CZE"]

1. e4 c5 2. Nf3 e6 3. d4 cxd4 4. Nxd4 a6 5. Bd3 Bc5 6. Nb3 Be7 7. 0-0 d6 8. c4 Nf6 9. Nc3 b6 10. Re1 Bb7 11. Bf1 0-0 12. Bf4 Nc6 13. a3 Rc8 14. Rc1 Ne5 15. Nd2 Ng6 16. Be3 Nd7 17. Qe2 Re8 18. f3 Qc7 19. Qf2 Bd8 20. b4 Qb8 21. Nb3 Bh4 22. g3 Bd8 23. h3 h5 24. f4 h4 25. g4 Bf6 26. Bd2 Qa8 27. Qe2 Bxc3 28. Rxc3 Nf6 29. Bg2 d5 30. e5 dxc4 31. Bxb7 Qxb7 32. exf6 cxb3 33. Rxc8 Qxc8 34. f5 b2 35. fxg6 Qc2 36. gxf7+ Kxf7 37. fxg7 Kg8 38. g5 b1Q 39. Qh5 Qg6 40. Qh8+ Kf7 41. Rxb1 Qxb1+ 42. Kh2 Qg6 43. Qxh4 Kxg7 44. Bc3+ Kf7 45. Bf6 Rc8 46. Qf4 Qf5 47. Qe3 Rc4 48. Bd4 b5 49. Kg3 Kg6 50. h4 Rc2 51. Bf6 Kh5 52. Qf3+ Qxf3+ 53. Kxf3 Rc4 0-1

[Event "SWE-chT 0001"]
[Site "Sweden"]
[Date "2001.03.16"]
[Round "9"]
[White "Couso, Luis"]
[Black "Grujic, Matej"]
[Result "1-0"]
[WhiteElo "2416"]
[BlackElo "2291"]
[PlyCount "153"]
[EventDate "2000.10.13"]
[EventType "team"]
[EventRounds "11"]
[EventCountry "SWE"]
[SourceTitle "EXT 2006"]
[Source "ChessBase"]
[SourceDate "2005.11.24"]
[SourceVersion "1"]
[SourceVersionDate "2005.11.24"]
[SourceQuality "1"]
[WhiteTeam "Sollentuna"]
[BlackTeam "Kirsebergs"]
[WhiteTeamCountry "SWE"]
[BlackTeamCountry "SWE"]

1. e4 g6 2. d4 Bg7 3. Nf3 c6 4. c3 d5 5. e5 Nh6 6. Bf4 f6 7. exf6 exf6 8. Bd3 Qe7+ 9. Qe2 Qxe2+ 10. Bxe2 0-0 11. 0-0 Re8 12. Re1 Nf7 13. Nbd2 Be6 14. a4 Nd7 15. Bd3 Nf8 16. a5 Bd7 17. a6 b6 18. Rxe8 Rxe8 19. h4 Ne6 20. Bg3 Bh6 21. Re1 Nf4 22. Rxe8+ Bxe8 23. Bf1 Kf8 24. c4 Nd6 25. c5 Nc8 26. cxb6 axb6 27. Nb1 Ke7 28. Nc3 Kd8 29. Ne2 Nxe2+ 30. Bxe2 b5 31. Bd6 Nb6 32. g4 Bc1 33. b3 Kd7 34. Bc5 Kc7 35. a7 Na8 36. Be7 Bd7 37. Ne1 f5 38. Nd3 Bd2 39. g5 Kb6 40. Bc5+ Kb7 41. Ne5 Be8 42. Nd3 Nc7 43. Bd6 Na8 44. Bb8 Kb6 45. Nc5 Bb4 46. Ne6 Bd7 47. Nf4 Bc3 48. Be5 Kxa7 49. h5 Bd2 50. Nxg6 Bxg5 51. Nf8 Be8 52. Nxh7 Bh6 53. Nf6 Bf7 54. Bd3 Bg5 55. Bxf5 Bxf6 56. Bxf6 Bxh5 57. Bd8 Kb7 58. b4 Nc7 59. Bxc7 Kxc7 60. Kg2 Kd6 61. Kg3 Be2 62. Kf4 Bd1 63. Kg5 Ke7 64. Bd3 Bf3 65. Kf4 Bh5 66. Ke5 Bf3 67. Bf5 Bh5 68. f4 Bf7 69. Bh3 Be8 70. f5 Kf7 71. f6 c5 72. dxc5 d4 73. Be6+ Kg6 74. f7 Bxf7 75. Bxf7+ Kxf7 76. Kxd4 Ke6 77. Ke4 1-0

[Event "SWE-chT 0001"]
[Site "Sweden"]
[Date "2000.10.13"]
[Round "1"]
[White "Grujic, Matej"]
[Black "Sunehag, Peter"]
[Result "1-0"]
[WhiteElo "2291"]
[BlackElo "2207"]
[PlyCount "77"]
[EventDate "2000.10.13"]
[EventType "team"]
[EventRounds "11"]
[EventCountry "SWE"]
[SourceTitle "EXT 2006"]
[Source "ChessBase"]
[SourceDate "2005.11.24"]
[SourceVersion "1"]
[SourceVersionDate "2005.11.24"]
[SourceQuality "1"]
[WhiteTeam "Kirsebergs"]
[BlackTeam "Vaesteras "]
[WhiteTeamCountry "SWE"]
[BlackTeamCountry "SWE"]

1. d4 g6 2. c4 Bg7 3. Nc3 d6 4. e4 Nc6 5. Be3 e5 6. d5 Nce7 7. Nge2 f5 8. g3 Nf6 9. h3 0-0 10. Qd2 c5 11. Bg2 Bd7 12. f4 Nxe4 13. Nxe4 fxe4 14. g4 b5 15. Bxe4 bxc4 16. 0-0 Rb8 17. Rab1 Rb4 18. Nc3 Qb6 19. Bg2 Rb8 20. Rf2 Kh8 21. f5 gxf5 22. Bg5 Ng6 23. gxf5 Nf4 24. f6 Bf8 25. Bxf4 exf4 26. Qxf4 Qd8 27. Re2 Qc8 28. Be4 Bxh3 29. Rh2 R4b7 30. f7 Bg7 31. Qh4 Bd4+ 32. Kh1 Rxf7 33. Rxh3 Qf8 34. Bg2 Rxb2 35. Qe4 Rxb1+ 36. Qxb1 Qg7 37. Ne4 Be5 38. Qc2 Rf8 39. Ng5 1-0

[Event "POL-ch U20"]
[Site "Barlinek"]
[Date "1996.??.??"]
[Round "1"]
[White "Grujic, Matej"]
[Black "Kosiorek, Marek"]
[Result "0-1"]
[WhiteElo "2140"]
[BlackElo "2305"]
[PlyCount "72"]
[EventDate "1996.??.??"]
[EventType "tourn"]
[EventRounds "11"]
[EventCountry "POL"]
[EventCategory "2"]
[SourceTitle "EXT 2006"]
[Source "ChessBase"]
[SourceDate "2005.11.24"]
[SourceVersion "1"]
[SourceVersionDate "2005.11.24"]
[SourceQuality "1"]

1. e4 c5 2. Nf3 a6 3. b3 d6 4. Bb2 Nc6 5. a4 Nf6 6. e5 dxe5 7. Nxe5 Nxe5 8. Bxe5 Qd5 9. Bxf6 Qe6+ 10. Qe2 Qxf6 11. Nc3 Bd7 12. Qe3 Qd4 13. Qxd4 cxd4 14. Nd5 Rc8 15. Bc4 Bc6 16. 0-0 b5 17. Nb6 Rb8 18. Bd5 Rxb6 19. a5 Bxd5 20. axb6 Bb7 21. c4 bxc4 22. Rfc1 e5 23. bxc4 Kd7 24. Ra5 f6 25. f4 Bb4 26. Ra2 Re8 27. c5 Kc6 28. Rc4 a5 29. fxe5 Rxe5 30. Kf2 d3 31. Kg3 Bxc5 32. Rxa5 Kxb6 33. Ra1 Bd6 34. Kf2 Re2+ 35. Kf1 Bxg2+ 36. Kg1 Bxh2+ 0-1

[Event "Poznan op"]
[Site "Poznan"]
[Date "1996.??.??"]
[Round "5"]
[White "Grujic, Matej"]
[Black "Olenderek, Tomasz"]
[Result "1-0"]
[WhiteElo "2145"]
[BlackElo "2220"]
[PlyCount "117"]
[EventDate "1996.??.??"]
[EventType "swiss"]
[EventRounds "9"]
[EventCountry "POL"]
[SourceTitle "EXT 2006"]
[Source "ChessBase"]
[SourceDate "2005.11.24"]
[SourceVersion "1"]
[SourceVersionDate "2005.11.24"]
[SourceQuality "1"]

1. e4 d5 2. exd5 Nf6 3. d4 Nxd5 4. Nf3 Bf5 5. Bd3 Bxd3 6. Qxd3 c6 7. 0-0 e6 8. c4 Nf6 9. Nc3 Be7 10. h3 0-0 11. Bf4 Nbd7 12. Rad1 Qa5 13. a3 Rad8 14. Qe2 Rfe8 15. Ne5 Qa6 16. Rfe1 Nf8 17. Bg5 N8d7 18. Qf3 Qb6 19. b4 Qc7 20. Bf4 Qc8 21. g4 Nxe5 22. dxe5 Nd7 23. Ne4 c5 24. b5 f6 25. exf6 Nxf6 26. Ng5 Rxd1 27. Qxd1 Bf8 28. Be5 h6 29. Bxf6 gxf6 30. Ne4 Kg7 31. Qf3 Be7 32. Ng3 Kf7 33. Qe4 Rh8 34. Nh5 Qd7 35. Re3 f5 36. gxf5 exf5 37. Rf3 Rg8+ 38. Ng3 Rg5 39. h4 Kg6 40. Qc2 Rg4 41. h5+ Kg7 42. Rxf5 Bh4 43. Rd5 Qe6 44. Qd3 Bxg3 45. fxg3 Qe1+ 46. Kg2 Re4 47. Rd7+ Kh8 48. Rd8+ Re8 49. Rd6 Re2+ 50. Kf3 Re6 51. Rxe6 Qxe6 52. Qd8+ Kg7 53. Qc7+ Qf7+ 54. Qxf7+ Kxf7 55. Kf4 Ke6 56. g4 Kf6 57. a4 b6 58. g5+ hxg5+ 59. Kg4 1-0

[Event "POL-ch U20"]
[Site "Barlinek"]
[Date "1996.??.??"]
[Round "8"]
[White "Grujic, Matej"]
[Black "Sorokina, Anastasia"]
[Result "0-1"]
[WhiteElo "2140"]
[BlackElo "2265"]
[PlyCount "110"]
[EventDate "1996.??.??"]
[EventType "tourn"]
[EventRounds "11"]
[EventCountry "POL"]
[EventCategory "2"]
[SourceTitle "EXT 2006"]
[Source "ChessBase"]
[SourceDate "2005.11.24"]
[SourceVersion "1"]
[SourceVersionDate "2005.11.24"]
[SourceQuality "1"]

1. e4 c5 2. Nf3 Nf6 3. d3 d5 4. Qe2 dxe4 5. dxe4 Nc6 6. c3 e5 7. g3 Be7 8. Bg2 0-0 9. Nbd2 b6 10. Nc4 Ba6 11. Bf1 Qc7 12. Qc2 Rfd8 13. Bg5 Bb7 14. Bxf6 Bxf6 15. Ne3 Ne7 16. Bc4 Qc6 17. Nd2 b5 18. Bd5 Nxd5 19. exd5 Rxd5 20. Nxd5 Qxd5 21. 0-0-0 Qxa2 22. Rhe1 Rd8 23. Nb3 Rc8 24. Rd7 Bc6 25. Rd6 c4 26. Nc5 Qa1+ 27. Kd2 Qa5 28. Qf5 Rd8 29. Rxd8+ Qxd8+ 30. Kc1 g6 31. Qg4 Qb6 32. Ne4 Bxe4 33. Qxe4 Qxf2 34. Re2 Qg1+ 35. Re1 Qxh2 36. Qf3 Kg7 37. Rf1 Qh6+ 38. Kb1 Qg5 39. Qc6 a6 40. Qxa6 e4 41. Qc6 Qe5 42. g4 e3 43. Qf3 b4 44. g5 Qxg5 45. cxb4 Qe5 46. Qe2 c3 47. bxc3 Qxc3 48. b5 Qa1+ 49. Kc2 Qb2+ 50. Kd3 Qd4+ 51. Kc2 Qc3+ 52. Kb1 Bd4 53. Re1 Qb3+ 54. Kc1 Bc3 55. Rd1 Bb4 0-1